[Event "RUS-chT U18"]
[Site "St Petersburg"]
[Date "2015.08.06"]
[Round "6.6"]
[White "Lobanov, Sergei"]
[Black "Isayev, Maksym"]
[Result "1-0"]
[WhiteElo "2377"]
[BlackElo "2121"]
[PlyCount "69"]
[EventDate "2015.08.01"]
[EventType "team-swiss"]
[EventRounds "9"]
[EventCountry "RUS"]
[SourceTitle "CBM 167 Extra"]
[Source "ChessBase"]
[SourceDate "2015.09.14"]
[SourceVersion "1"]
[SourceVersionDate "2015.09.14"]
[SourceQuality "1"]
[WhiteTeam "SDYuSShOR SS"]
[BlackTeam "Crimea Republic"]
[WhiteTeamCountry "RUS"]
[BlackTeamCountry "RUS"]

1. e4 c5 2. Nf3 d6 3. d4 cxd4 4. Nxd4 Nf6 5. Nc3 Nc6 6. Bg5 e6 7. Qd2 a6 8. 0-0-0 Bd7 9. f4 b5 10. Qe1 Qb6 11. Nxc6 Bxc6 12. Nd5 Bxd5 13. exd5 Kd7 14. dxe6+ fxe6 15. g3 Re8 16. Bh3 Rg8 17. Qe2 Qc5 18. Rhe1 Qc4 19. Qxc4 bxc4 20. Rxe6 Rxe6 21. Re1 Kd8 22. Bxe6 Rh8 23. Bxc4 a5 24. f5 Be7 25. Bd2 a4 26. Bb5 Nd7 27. Ba5+ Ke8 28. Bxa4 Rf8 29. g4 g6 30. Bc7 Rf6 31. g5 Rxf5 32. Bxd6 Rf7 33. Rxe7+ Rxe7 34. Bxe7 Kxe7 35. Bxd7 1-0